00663nam a22002177a 450000500170000001000130001702000210003003500130005103700160006404000120008008200180009210000200011024501270013026000320025727000510028930000230034065000160036365000250037970000230040470000180042720170124110154.0 aA-775979 c95.00a817167321 aA-775979 bCen Lib/Ret aDPLbEN a155.9042bSHA aSharma, Avedsh  aDistress to de-stress :cby Avedsh Sharma, Sujatha D. Sharma [and] Ruchi Verma ba complete guide to stress- free living / aCalcutta bRupa & Co.c1995 bCalcutta a15 bankim chatterjee streete700073 axii, 167c21cm(Hb) aPsychology  aStress and tensions  aSharma, Sujatha D. aVarma, Ruchi